zpět

Detail výsledku týmu

Tenis Pub Lužánky, Brno

Datum a čas kvízu

30.5 Celkem bodů Celkový počet nahraných bodů na tomto kvízu bez doplňovacích otázek.
5. Pořadí na kvízu Konečné umístění týmu na tomto kvízu.

Zaznamenané odpovědi

# Otázka Odpověď Body Výsledky
1. Při informování o rozdělení mi... prevence 0
2. K půlročnímu vězení odsoudil n... líbali se 1
3. V úterý vystoupily v pražské O... Megadeth; Disturbed 0.5
4. V letošním roce byla udělena N... C 1
5. V neděli se na pardubickém dos... Stumptown; Irsko 0
6. Rozdělení Římské říše v roce 3... 476 (Západořímská) a 1453 (Východořímská) 0
7. Ve 14. století Evropu sevřela... D 0
8. Adolf Hitler se nepoučil z výs... 6. armáda, (Friedrich) Paulus 0
9. Jak se jednoslovně nazývá tent... Watergate 1
10. Jak moc velkou chybou byl či n... A 1